[Event "Magnus Carlsen Invitational 2020"]
[Site "magnuscarlsen.com"]
[Date "2020.04.28"]
[Round "6.3"]
[White "Firouzja, Alireza"]
[Black "Giri, Anish"]
[Result "1-0"]
[WhiteElo "2703"]
[BlackElo "2731"]
[Annotator "TA"]
[PlyCount "121"]
[EventDate "2020.04.18"]
[EventType "tourn"]
[EventCountry "NOR"]
[SourceTitle "playchess.com"]
[Source "ChessBase"]
[SourceQuality "1"]

{[%evp 16,121,19,16,18,14,37,45,35,0,0,0,23,-7,0,-22,-4,-16,-21,-63,-66,-54,-12,-18,0,-24,-24,-24,-22,-21,-20,-89,-82,-55,-59,-59,-56,-141,-131,-169,-85,-85,-85,-85,-85,-85,-80,-79,-76,-85,-85,-85,-85,-77,-57,-91,-96,-113,-83,-83,-83,-75,-75,-83,-52,-72,-69,-74,-74,-68,-48,-137,-130,-129,-128,-269,-12,-64,-62,-61,0,-277,0,0,0,-45,0,0,0,0,0,0,0,0,0,0,33,0,0,0,0,0,29990,29991,29991,29992,29996,29997]} 1. d4 Nf6 2. c4 g6 3. Nc3 d5 4. cxd5 Nxd5 5. e4 Nxc3 6. bxc3 Bg7 7. Be3 c5 8. Rc1 $1 {[%mdl 4] outshines the older 8.Qd2. Played by Santosh Gujrathi Vidit in April 2020.} O-O 9. Qd2 e5 {[%cal Re5d4] D85: Exchange Grünfeld: Unusual White 7th moves and lines with 7 Nf3.} 10. d5 Qd6 11. f3 f5 {[#] White is slightly better.} 12. Qc2 $146 ({Predecessor:} 12. Bd3 Nd7 13. Ne2 Nf6 14. O-O fxe4 15. Bxe4 c4 16. Qb2 Rd8 17. Qb5 Bf8 18. Rcd1 {1-0 (33) Acosta,P (2428)-Encina,G (1871) Mar del Plata 2017}) 12... Nd7 {[%cal Bb8d7,Bd7b6,Bb6c8,Bc8d6][%mdl 32]} 13. Nh3 f4 14. Bd2 Nb6 $1 15. Nf2 c4 $1 16. Be2 Bd7 17. O-O Qc7 18. Rb1 Nc8 19. a4 Rf6 20. Rb4 Nd6 21. Rfb1 g5 22. Qa2 {[%cal Re2c4]} Rc8 23. a5 (23. Bc1 $11 {keeps the balance.}) 23... h5 $1 $17 24. h3 Rg6 25. Kf1 Bf6 26. Bd1 (26. Be1 $1 $15) 26... Bd8 27. Ra1 {[#]} Rb8 (27... g4 $1 $19 {[%cal Rg4h3][%mdl 512] aiming for ...gxh3.} 28. fxg4 hxg4 29. hxg4 Bh4) 28. Be1 b5 29. axb6 axb6 30. Qb1 Qb7 31. Rb2 {[%cal Bb4b2,Bb2a2,Ba2a6][%mdl 32]} b5 32. Rba2 Bb6 33. Ra6 Kf7 34. R1a2 Rgg8 35. Qa1 Qc7 36. Be2 Bc8 37. Ra8 Rxa8 38. Rxa8 Qc5 39. Qa3 Bd7 40. Qxc5 Bxc5 41. Ra6 Ke7 42. Nd1 Rb8 43. Bf2 ({Better is} 43. Nf2 $15) 43... Bxf2 44. Kxf2 g4 45. h4 (45. Ra7 $17 {keeps fighting.}) 45... b4 $2 ({Black should try} 45... g3+ $19 46. Ke1 Bc8 47. Ra7+ Bb7) 46. cxb4 (46. Ke1 $1 $11) 46... Rxb4 $15 47. Ke1 $1 g3 (47... Nb5 $1 $15 48. Rh6 c3 49. Rh7+ Kd6 50. Bxb5 Rxb5 51. Rh6+ (51. Nxc3 Rb3 $11) 51... Kc5) 48. Ra8 $2 {[%mdl 8192] [#]} (48. Kd2 $11) 48... Bc8 $2 (48... Nb5 $1 $19 49. Rh8 Be8) 49. Kd2 Rb6 50. Kc2 Rb7 51. Nb2 Rc7 52. Ra4 Bd7 53. Rb4 Ra7 {Strongly threatening ...Bh3!} (53... Bh3 $5 54. Bf1 $8 Ra7 55. gxh3 Ra3 56. Nxc4 Rxf3 57. Nxd6 Kxd6 $11) 54. Nxc4 Nxc4 55. Bxc4 $11 {[%mdl 4096] Endgame KRB-KRB} ({Don't blunder} 55. Rxc4 $2 Ra2+ 56. Kd1 Bb5 $19) 55... Ra1 {...Rg1 is the strong threat.} 56. Rb6 {Black must now prevent d6+.} Rg1 57. Rh6 {d6+ would kill now.} Rxg2+ 58. Kc3 {Threatening mate with d6+.} Rf2 $2 {[%mdl 8192]} (58... Be8 $11 59. d6+ (59. Re6+ Kd8 $11) 59... Kd8) 59. d6+ {White mates.} Kf8 {[#]} 60. Rg6 $1 {[%csl Gc4][%cal Rg6g8]} Rxf3+ 61. Kb4 {A wild game. Accuracy: White = 66%, Black = 79%.} 1-0

[Event "Magnus Carlsen Invitational 2020"]
[Site "magnuscarlsen.com"]
[Date "2020.04.29"]
[Round "6.4"]
[White "Vachier-Lagrave, Maxime"]
[Black "Caruana, Fabiano"]
[Result "1-0"]
[WhiteElo "2860"]
[BlackElo "2773"]
[Annotator "TA"]
[PlyCount "89"]
[EventDate "2020.04.18"]
[EventType "tourn"]
[EventCountry "NOR"]
[SourceTitle "playchess.com"]
[Source "ChessBase"]
[SourceQuality "1"]

{[%evp 9,89,3,10,10,8,15,28,16,14,14,18,22,12,17,25,17,18,0,18,16,14,16,19,12,15,-4,19,-24,32,0,119,112,102,101,115,108,106,39,100,102,102,80,88,93,81,91,103,92,97,89,116,31,36,27,28,30,56,19,48,47,79,76,78,26,528,527,528,528,528,528,515,492,483,489,9367,9635,6482,6410,5605,5300,1100,797]} 1. e3 e5 2. c4 Nf6 3. Nc3 Bb4 4. Nge2 c6 5. a3 Ba5 6. b4 {A22: English Opening: 1...e5 2 Nc3 Nf6.} Bc7 7. d4 O-O 8. Bb2 {White has an edge.} d5 9. cxd5 cxd5 10. Nb5 e4 $1 11. Nxc7 Qxc7 12. Rc1 Qe7 {[#]} 13. Nf4 $146 ({Predecessor:} 13. Ng3 Nbd7 14. Be2 Nb6 15. O-O Bd7 16. b5 a6 17. bxa6 bxa6 18. Qd2 Bb5 19. Bc3 Bxe2 {½-½ (71) Timofeev,A (2589)-Anand,V (2773) St Petersburg 2018}) 13... Be6 14. Be2 $36 {[%mdl 2048] White is pushing.} Nbd7 15. O-O Rfc8 16. Qb3 Nb6 17. Rc5 Nfd7 18. Rd1 a6 (18... Nxc5 $11 19. dxc5 Nc4) 19. a4 Rd8 (19... Nxc5 $11 {remains equal.} 20. bxc5 Nd7) 20. Rc7 $16 Qd6 21. Rdc1 ({Of course not} 21. Rxb7 $6 Qc6 $11) 21... Rac8 22. Rxc8 Rxc8 23. Rc5 (23. Rxc8+ $16 Nxc8 24. b5) 23... Qe7 (23... Rb8 $14) 24. Rxc8+ ({Much worse is} 24. Nxd5 Qd8 $15) 24... Nxc8 25. b5 ({Much weaker is} 25. Nxd5 $6 Qd8 $15) 25... axb5 26. Qxb5 Nf6 27. h4 h6 28. Qc5 Qd8 29. Ba3 Bf5 30. Bb5 (30. h5 $16) 30... g5 $14 31. hxg5 hxg5 32. Ne2 Kg7 33. Bb4 Be6 34. a5 b6 35. axb6 Qxb6 36. f4 (36. Nc3 $16) 36... exf3 $2 {[%mdl 8192] [#] Black cannot hold the game after this.} (36... Qa7 $1 $11 {and Black stays safe.}) 37. Qf8+ $18 {White is clearly winning.} Kg6 38. Bd3+ Bf5 39. Bxf5+ Kxf5 40. Qxc8+ Kg6 41. Ng3 {And now Qf5+ would win.} Qxb4 (41... Qe6 $142 42. Qxe6 fxe6 43. gxf3 Nd7) 42. Qf5+ {[%mdl 64] [#] Double Attack} Kg7 43. Qxg5+ Kf8 44. Qxf6 Qe1+ 45. Nf1 {Accuracy: White = 74%, Black = 62%.} 1-0

[Event "Magnus Carlsen Invitational 2020"]
[Site "magnuscarlsen.com"]
[Date "2020.04.29"]
[Round "6.4"]
[White "Ding, Liren"]
[Black "Nakamura, Hikaru"]
[Result "1/2-1/2"]
[WhiteElo "2836"]
[BlackElo "2829"]
[Annotator "TA"]
[PlyCount "76"]
[EventDate "2020.04.18"]
[EventType "tourn"]
[EventCountry "NOR"]
[SourceTitle "playchess.com"]
[Source "ChessBase"]
[SourceQuality "1"]

{[%evp 18,76,18,19,12,0,13,13,16,13,13,13,13,14,24,15,19,18,20,20,13,3,16,18,8,0,24,23,20,18,36,16,12,11,32,0,0,0,1,0,0,0,0,0,0,0,13,0,0,0,0,0,0,0,0,0,0,0,0,0,0]} 1. d4 Nf6 2. c4 e6 3. g3 d5 4. Bg2 Be7 5. Nf3 O-O 6. O-O dxc4 7. Qc2 a6 8. a4 Bd7 9. Qxc4 Bc6 10. Bf4 Bd6 {E05: Open Catalan: 5 Nf3 Be7.} 11. Qc1 Nbd7 12. Re1 Qe7 13. Nc3 Bxf3 14. Bxf3 Bxf4 15. Qxf4 c6 16. a5 e5 17. dxe5 Nxe5 18. Bg2 Rad8 19. Red1 h6 20. Rxd8 Rxd8 21. Ra4 Ng6 {[%cal Be5g6,Bg6e7,Be7d5,Bd5c7,Bc7e6,Be6d4,Bd4f3][%mdl 32]} 22. Qb4 {[#]} Qc7 $146 ({Predecessor:} 22... Rd6 23. Qb6 Kh7 24. h3 h5 25. Qb3 h4 26. Ne4 Nxe4 27. Rxe4 Qf6 28. Bf3 hxg3 29. fxg3 {0-1 (57) Khotenashvili,B (2474)-Tan,Z (2513) Astana 2019}) 23. Ra1 Ne7 24. Na4 Ned5 25. Qe1 Qe7 26. Rc1 Nc7 {The position is equal.} 27. Nc5 Ne6 28. Nd3 Nd4 29. e3 Nf3+ 30. Bxf3 {[#] And now Nc5 would win.} Rxd3 31. Be2 Rd6 32. Rd1 g6 33. Rxd6 Qxd6 34. Qc3 Ne4 35. Qc4 Nd2 36. Qc3 Ne4 37. Qc4 Nd2 38. Qc3 Ne4 {Not much happened in this game. Accuracy: White = 95%, Black = 100%.} 1/2-1/2

[Event "Magnus Carlsen Invitational 2020"]
[Site "magnuscarlsen.com"]
[Date "2020.04.28"]
[Round "6.4"]
[White "Nepomniachtchi, Ian"]
[Black "Carlsen, Magnus"]
[Result "1/2-1/2"]
[WhiteElo "2778"]
[BlackElo "2881"]
[Annotator "TA"]
[PlyCount "83"]
[EventDate "2020.04.18"]
[EventType "tourn"]
[EventCountry "NOR"]
[SourceTitle "playchess.com"]
[Source "ChessBase"]
[SourceQuality "1"]

{[%evp 18,83,29,22,33,18,22,26,22,12,18,9,18,11,46,0,29,33,27,22,35,18,33,16,26,19,39,35,50,50,50,49,40,40,54,53,35,13,11,0,31,3,58,0,0,0,0,0,0,0,0,0,0,0,0,0,0,0,0,0,0,0,0,0,0,0,0,0]} 1. e4 c5 2. Nf3 Nc6 3. Nc3 e5 4. Bc4 Be7 5. d3 d6 6. Nd2 Nf6 7. Nf1 Bg4 8. f3 Be6 9. Ne3 O-O 10. O-O Nd7 {B30: Sicilian: 2...Nc6 3 Bb5, lines without ...g6.} 11. Ncd5 Bg5 12. f4 exf4 {White has an edge.} 13. Nxf4 Bxc4 14. Nxc4 Nde5 15. Ne3 {[#]} Ne7 $146 ({Predecessor:} 15... Ng6 16. Nh5 Bxe3+ 17. Bxe3 Qe7 18. Rf5 Rad8 19. Qd2 f6 20. Raf1 Nce5 21. c4 b5 {1-0 (52) Romanov,E (2500)-Gregoire,S (2288) Yerevan 2006}) 16. b3 (16. Qh5 $5 {[%cal Rh5g5]} Bxf4 17. Rxf4 $11) 16... Qd7 17. Qh5 f6 18. Bb2 N5g6 19. g3 Bxf4 20. gxf4 {next Rf3 is good for White.} f5 21. Rae1 Rf7 22. Qg5 d5 23. exd5 Nxd5 24. Nxd5 Qxd5 25. h4 Qd7 26. h5 Nf8 27. h6 Ne6 28. Qg2 Nd4 29. Re5 Qd6 (29... Re8 $11) 30. b4 ({White should try} 30. Rfe1 $14 Raf8 31. c3) 30... Qxh6 $11 {The position is equal.} 31. bxc5 Nc6 32. Re3 Rd8 33. Rfe1 {[#] Re8+ is the strong threat.} Rdd7 34. Rg3 {Black must now prevent Re8+.} Rde7 35. Rxe7 Rxe7 36. Qd5+ Kh8 37. Be5 Qh5 38. Qd6 {[#] And now Bxg7+! would win.} Qd1+ 39. Kh2 {Bxg7+! would kill now.} Qh5+ 40. Kg1 Qd1+ 41. Kh2 {Intending Bxg7+! and mate.} Qh5+ 42. Kg1 {Accuracy: White = 88%, Black = 87%.} 1/2-1/2

[Event "Magnus Carlsen Invitational 2020"]
[Site "magnuscarlsen.com"]
[Date "2020.04.28"]
[Round "6.4"]
[White "Giri, Anish"]
[Black "Firouzja, Alireza"]
[Result "1/2-1/2"]
[WhiteElo "2731"]
[BlackElo "2703"]
[Annotator "TA"]
[PlyCount "80"]
[EventDate "2020.04.18"]
[EventType "tourn"]
[EventCountry "NOR"]
[SourceTitle "playchess.com"]
[Source "ChessBase"]
[SourceQuality "1"]

{[%evp 13,80,31,26,21,22,36,26,22,44,46,50,50,54,19,18,11,12,-8,12,20,25,13,35,25,18,18,13,14,42,43,42,45,52,0,0,-7,-4,-16,0,0,0,0,0,0,0,0,0,0,0,0,0,0,0,0,0,0,0,0,0,0,0,0,0,0,0,0,0,0,0]} 1. e4 c6 2. d4 d5 3. e5 Bf5 4. Nf3 e6 5. Be2 Ne7 6. c3 h6 7. O-O Nd7 8. Nbd2 {B12: Caro-Kann: Advance Variation.} Bh7 9. b4 a5 10. Nb3 {White has an edge.} axb4 11. cxb4 Nc8 12. Bd2 Ncb6 {[#]} 13. Nc5 $146 (13. a4 $5) ({Predecessor:} 13. a4 Be7 14. Nc5 Qc7 15. Qb3 O-O 16. a5 Nxc5 17. dxc5 Nd7 18. Bc3 Bf5 19. Rfe1 {½-½ (38) Mrkvicka,J (2454)-Rydholm,L (2524) ICCF email 2015}) 13... Nxc5 14. bxc5 Nc4 15. Bc3 Be7 16. a4 {[%cal Ba2a4,Ba4a5][%mdl 32]} b6 17. cxb6 Qxb6 18. a5 Qb5 19. Nd2 {Black should prevent Ra4.} O-O 20. Ra2 c5 21. Nxc4 dxc4 22. Rb2 Qc6 23. Bf3 ({Don't play} 23. Bxc4 cxd4 24. Qxd4 Rfc8 $11) (23. Rb6 $14 Qd5 24. dxc5) 23... Be4 $11 {The position is equal.} 24. Bxe4 Qxe4 25. Re1 Qd3 26. Qxd3 cxd3 27. dxc5 Rfc8 $1 28. Rd2 Rxc5 29. Rxd3 Rxc3 $1 {[%mdl 64] [#] Remove Defender} 30. Rxc3 {[%mdl 4096] Endgame Strongly threatening Rb1. KRR-KRB} Bb4 {[%mdl 64] Double Attack} 31. Rcc1 {Hoping for Re4.} Bxe1 32. Rxe1 Rxa5 {KR-KR} 33. h4 h5 34. g3 g6 35. Kg2 Kg7 36. f4 Ra2+ 37. Kf3 Ra3+ 38. Re3 Ra1 39. Re2 Ra3+ 40. Re3 Ra1 {Accuracy: White = 92%, Black = 96%.} 1/2-1/2

[Event "Magnus Carlsen Invitational 2020"]
[Site "magnuscarlsen.com"]
[Date "2020.04.28"]
[Round "6.5"]
[White "Carlsen, Magnus"]
[Black "Nepomniachtchi, Ian"]
[Result "1-0"]
[WhiteElo "2881"]
[BlackElo "2778"]
[Annotator "TA"]
[PlyCount "157"]
[EventDate "2020.04.18"]
[EventType "tourn"]
[EventCountry "NOR"]
[SourceTitle "playchess.com"]
[Source "ChessBase"]
[SourceQuality "1"]

{[%evp 10,157,18,-6,15,28,20,28,39,23,20,18,27,26,21,33,9,18,17,0,0,14,53,0,0,0,0,-22,-20,-38,-19,-32,-24,-20,0,0,0,5,6,0,0,0,0,-2,0,-3,0,-2,5,0,0,0,0,0,0,0,0,0,0,0,0,0,-7,-21,0,0,22,20,20,40,30,34,37,26,49,47,63,8,8,8,8,4,8,8,8,8,8,0,0,0,0,0,8,8,8,0,8,8,8,8,8,8,8,8,8,8,8,8,8,8,8,8,8,8,8,8,8,8,8,8,8,8,8,8,8,8,8,8,8,8,8,8,8,8,8,0,8,8,8,8,8,8,8,8,8,8,29978,29979,29989,29990]} 1. d4 Nf6 2. Nf3 g6 3. Bf4 Bg7 4. Nbd2 O-O 5. c3 d6 6. h3 c5 {A48: 1 d4 Nf6 2 Nf3 g6: Torre, London and Colle Systems.} 7. dxc5 dxc5 8. e4 Nc6 {White has an edge.} 9. Be2 b6 10. O-O Bb7 11. Re1 Qd7 12. Qc2 Rad8 13. Rad1 {[#]} Qc8 $146 ({Predecessor:} 13... Nh5 14. Bh2 Bh6 15. Nc4 Qc8 16. Nce5 Bf4 17. Bxf4 Nxf4 18. Bc4 Rxd1 19. Rxd1 Nxe5 20. Nxe5 {1-0 (37) Bu,X (2712)-Xu,X (2536) Beijing 2017}) 14. e5 Nd5 15. Bg3 Nc7 16. Qa4 (16. Ng5 $14) 16... Ne6 $11 17. Qh4 Ba6 18. Bxa6 Qxa6 19. Qe4 Qb7 20. Nc4 Rxd1 21. Rxd1 Rd8 22. Rxd8+ Ncxd8 23. Qxb7 Nxb7 24. a4 Kf8 25. Kf1 Ke8 26. Ke2 Kd7 27. Kd3 Nbd8 28. Ng1 Nc6 29. Ke4 h5 30. f4 f5+ 31. exf6 exf6 32. f5 Ng5+ 33. Kd3 gxf5 {And now ...Ne5+ would win.} 34. Ne3 Ne7 35. Ne2 Ne6 36. Kc4 Kc6 37. b4 cxb4 38. cxb4 Bh6 39. b5+ Kd7 40. Nd5 Nxd5 41. Kxd5 $14 {[%mdl 4096] Endgame KBN-KBN} f4 42. Bf2 Bf8 43. Nd4 (43. Ke4 $14) 43... Nc5 $11 44. Nc6 {Bxc5 is the strong threat.} Nxa4 {Threatens to win with ...Nc3+.} 45. Nxa7 Nc3+ 46. Kc4 Nd1 47. Bxb6 Ne3+ 48. Bxe3 fxe3 {KB-KN} 49. Kd3 Bc5 50. Nc6 Kd6 51. Na5 {[#] Hoping for Nb7+.} Ke5 52. Ke2 Kf4 53. Nc4 Kg3 54. Nxe3 h4 55. Kd3 Ba7 56. Ke4 f5+ 57. Nxf5+ Kxg2 58. Nxh4+ Kxh3 59. Nf5 Kg4 60. Ne7 Kg5 61. Ke5 (61. Nd5 {seems wilder.} Bf2 62. Ne3 Kg6 63. b6 Kf7 64. b7) 61... Kh6 62. Ke6 Kg7 63. Nc8 Bf2 64. Nd6 Kf8 65. Kd7 Bg1 66. Ne4 Kf7 67. Kc6 Ke7 68. Nc5 Kd8 69. b6 Bh2 70. b7 {White wants to mate with Ne6+.} Bb8 71. Na6 Bf4 72. Nc5 {Ne6+ would kill now.} (72. Kb6 {is interesting.} Bh2 73. Kb5 Kd7 74. Kc4 Bg3 75. Kd3) 72... Bb8 73. Ne6+ Ke7 74. Nc7 {aiming for Na6.} Kd8 75. Nd5 Bg3 76. Nf6 Bh2 77. Ne4 $1 {[%cal Re4d6] Intending Nd6 and mate.} Bb8 $2 {[%mdl 8192] [#]} (77... Ke7 $11) 78. Nc5 $1 Bh2 79. Ne6+ {Accuracy: White = 97%, Black = 95%.} 1-0

[Event "Magnus Carlsen Invitational 2020"]
[Site "magnuscarlsen.com"]
[Date "2020.04.29"]
[Round "6.5"]
[White "Ding, Liren"]
[Black "Nakamura, Hikaru"]
[Result "0-1"]
[WhiteElo "2836"]
[BlackElo "2829"]
[Annotator "TA"]
[PlyCount "58"]
[EventDate "2020.04.18"]
[EventType "tourn"]
[EventCountry "NOR"]
[SourceTitle "playchess.com"]
[Source "ChessBase"]
[SourceQuality "1"]

{[%evp 18,58,16,0,3,8,10,7,0,0,0,0,0,-40,-45,-58,0,-1,0,0,8,-14,2,-31,-12,-28,57,50,47,47,47,20,17,17,33,33,25,21,31,-719,-695,-826,-814]} 1. c4 e5 2. Nc3 Nf6 3. Nf3 Nc6 4. g3 d5 5. cxd5 Nxd5 6. Bg2 Nb6 7. O-O Be7 8. a3 O-O 9. d3 Be6 10. Be3 Nd5 {A29: English Opening: Four Knights Variation with 4 g3.} 11. Nxd5 Bxd5 12. Qa4 Re8 {The position is equal.} 13. Rac1 a6 14. Rc3 $5 {[%mdl 4] A promising side line.} Bf6 {[#]} 15. Rd1 $146 {[#]} ({Predecessor:} 15. Rc5 Nd4 16. Rxd5 Nxe2+ 17. Kh1 Qxd5 18. Nd4 Qxg2+ 19. Kxg2 Nxd4 20. Bxd4 exd4 21. Qb4 {1-0 (76) Tomashevsky,E (2758)-Karjakin,S (2762) Berlin 2015}) 15... Nd4 $1 {[%mdl 512]} 16. Rd2 {[%cal Rf3d4]} (16. Bxd4 exd4) 16... Nxf3+ (16... Nf5 $15) 17. Bxf3 $11 Bxf3 18. exf3 c6 19. Kg2 g6 20. Qe4 Bg7 21. b4 f5 (21... Re6 $11) 22. Qc4+ $14 Kh8 {White must now prevent ...f4!} 23. d4 {aiming for dxe5.} e4 24. d5 exf3+ 25. Kxf3 Qe7 {Threatens to win with ...cxd5.} 26. Rcc2 cxd5 27. Rxd5 Rad8 28. Kg2 $2 {[%mdl 8192] [#]} (28. Rxd8 $14 Qxd8 29. Kg2) 28... b5 $1 $19 {[%cal Rb5c4]} 29. Qd3 Qb7 {Accuracy: White = 60%, Black = 84%.} 0-1

[Event "Magnus Carlsen Invitational 2020"]
[Site "magnuscarlsen.com"]
[Date "2020.04.30"]
[Round "7.1"]
[White "Vachier-Lagrave, Maxime"]
[Black "Nakamura, Hikaru"]
[Result "1-0"]
[WhiteElo "2860"]
[BlackElo "2829"]
[Annotator "TA"]
[PlyCount "109"]
[EventDate "2020.04.18"]
[EventType "tourn"]
[EventCountry "NOR"]
[SourceTitle "playchess.com"]
[Source "ChessBase"]
[SourceQuality "1"]

{[%evp 9,109,18,52,54,49,42,48,51,69,59,72,66,68,63,101,67,83,85,89,81,91,49,68,29,26,-19,-10,-19,-19,-19,-20,-20,-20,-20,0,0,0,-23,-24,-37,9,-54,-50,-48,-30,-57,-51,-52,-52,-98,-86,-92,-77,-90,0,0,0,-94,-91,-109,-74,-94,-87,-118,-104,-112,-111,-104,-114,-104,-104,-105,-58,-119,7,0,0,0,-9,-19,-5,-18,-8,-10,-10,-10,-1,-15,0,0,0,0,0,0,1368,1060,5009,4076,2819,2535,2352,2287]} 1. d4 Nf6 2. Bg5 c5 3. d5 d6 4. Nc3 a6 5. a4 g6 6. e4 {A45: Trompowsky Attack.} Bg7 7. Nf3 h6 8. Bf4 {[#] White is slightly better.} Bg4 $146 ({Predecessor:} 8... Qa5 9. Bd2 Qc7 10. Be2 O-O 11. O-O e6 12. dxe6 Bxe6 13. Bf4 Rd8 14. Qd2 Kh7 {½-½ (14) Ayala Abenza,J (2048)-Capellades Subirana,M (2117) Llobregat 2016}) 9. Be2 (9. h3 {keeps more tension.} Bh5 10. Be2 Nbd7 11. a5 O-O 12. Be3) 9... Bxf3 10. Bxf3 Nbd7 11. O-O O-O 12. Qd2 Kh7 13. Be2 Qa5 14. Rfe1 Qb4 15. Ra2 b5 ({Wrong is} 15... Nxe4 $2 16. Nxe4 Be5 17. Bxe5 $18) 16. f3 Nb6 17. a5 Nc4 18. Bxc4 $1 Qxc4 19. b3 Qb4 $1 {[#] Strongly threatening ...Nh5.} 20. Nd1 Qxd2 21. Bxd2 e6 22. dxe6 fxe6 23. Nf2 Nd7 24. c3 c4 25. b4 (25. bxc4 $11 bxc4 26. Rd1) 25... Rfe8 26. Rd1 d5 27. Rc2 Ne5 28. Be3 Nc6 29. Bb6 d4 30. cxd4 Nxb4 31. Rcc1 Na2 32. Rc2 Nb4 33. Rcc1 Rac8 34. g3 h5 35. f4 Bf6 36. e5 Be7 37. Ne4 Nd5 38. Bc5 Bxc5 39. dxc5 Kg7 40. Kf2 Re7 41. Kf3 ({White should play} 41. Ke1 $15) 41... Nb4 (41... Kf8 $17) 42. Ke3 Nd3 43. Rxd3 $1 cxd3 44. Kxd3 $11 {[%mdl 4096] Endgame KRR-KRN} Rc6 45. Kd4 Kf8 46. h3 Rd7+ 47. Nd6 Rh7 48. Ne4 Ke7 49. Rd1 Rh8 50. Kc3 Rd8 51. Rd6 $1 {[%cal Rd6c6]} Rdxd6 $4 {[%mdl 8192]} (51... Rdc8 $11) 52. exd6+ $18 {White is clearly winning.} Kd7 53. Nf6+ Kd8 {[#]} 54. Kb4 $1 Rc8 55. h4 {Accuracy: White = 80%, Black = 79%.} 1-0

[Event "Magnus Carlsen Invitational 2020"]
[Site "magnuscarlsen.com"]
[Date "2020.04.30"]
[Round "7.1"]
[White "Ding, Liren"]
[Black "Carlsen, Magnus"]
[Result "1-0"]
[WhiteElo "2836"]
[BlackElo "2881"]
[Annotator "TA"]
[PlyCount "58"]
[EventDate "2020.04.18"]
[EventType "tourn"]
[EventCountry "NOR"]
[SourceTitle "playchess.com"]
[Source "ChessBase"]
[SourceQuality "1"]

{[%evp 11,58,62,75,62,66,26,39,28,40,25,37,33,50,56,62,41,54,43,156,152,270,270,260,169,250,139,197,158,389,357,556,350,325,338,496,490,818,821,762,488,1029,1018,1029,1030,992,951,1013,979,29995]} 1. e4 Nc6 2. Nf3 d5 3. exd5 Qxd5 4. Nc3 Qa5 5. d4 Bg4 6. Bb5 O-O-O {...Nxd4! is the strong threat.} 7. Bxc6 $1 {B01: Scandinavian Defence.} bxc6 8. h3 Qh5 $1 9. Be3 {White is slightly better.} Nf6 10. Qe2 {Threatens to win with Qa6+.} Bxf3 11. gxf3 e6 12. O-O-O $36 {[%cal Ba1d1,Bd1d3,Bd3b3][%mdl 2080] White is pushing.} Kb7 13. Rhg1 {Black must now prevent Rg5.} h6 14. Rd3 {[#]} Rg8 $146 {[#]} (14... Ka8 $14) ({Predecessor:} 14... Qa5 15. a3 g5 16. Ne4 Nd7 17. Rb3+ Ka8 18. Qc4 Nb8 19. Nc5 Rd5 20. Bd2 Rxc5 21. dxc5 Qxc5 22. Qa4 Qf5 23. Qd4 Qh7 24. Qd8 {1-0 (24) Berzinsh,I (2243)-Bitinas,A (2195) Liepaja 2005}) 15. Ne4 $1 $16 {[%cal Re4f6]} Be7 (15... Nd5 $16 16. Rb3+ Kc8) 16. Rb3+ $18 Kc8 17. Qa6+ Kd7 18. Rd1 (18. d5 $18 Nxd5 19. Bxa7) 18... Qxf3 (18... Nd5 $16 {keeps fighting.} 19. c4 Nxe3 20. Rxe3 Bg5) 19. Nd2 {[%cal Be4d2,Bd2c4,Bc4e5][%mdl 32]} Qxh3 $2 {Now Black is done in.} (19... Qd5 $16) 20. Nc4 {Hoping for Bf4.} Ke8 (20... g5 $142 21. Bf4 (21. Qxa7 Qg2 $16) 21... Qxb3 22. axb3 gxf4 23. Ne5+ Ke8 24. Qxa7 c5 25. dxc5 Rxd1+ 26. Kxd1 Bd8 27. Qa4+ Kf8) 21. Ne5 Bd6 22. Nxc6 {[%mdl 64] [#] Double Attack} Ra8 (22... Kd7 $142 23. Nxa7 (23. Nxd8 Rxd8 24. Qxa7 Qg2 $18) 23... Ke8) 23. Qb7 {White is clearly winning.} Kd7 (23... Rd8 $142 24. d5 exd5 25. Nxd8 Kxd8) 24. Ne5+ Ke7 25. Bf4 Qf5 (25... Rab8 $142 26. Nc6+ (26. Rxh3 Rxb7 27. Rg1 Kf8 $15) 26... Kd7) 26. Nc6+ {[%mdl 64] Double Attack} Kd7 27. Bxd6 Kxd6 28. Ne5 Qf4+ 29. Kb1 {Intending Qb4+ and mate.} Rgf8 {Accuracy: White = 73%, Black = 40%.} 1-0